Chennai : GETIT yellow pages buying guide for offices & homes / 2009.
| Format: | Book |
|---|---|
| Published: |
Chennai:
GETIT,
2009.
|
| Subjects: |
| LEADER | 00511cam a2200145 7i4500 | ||
|---|---|---|---|
| 001 | 0000024789 | ||
| 005 | 20100715090000.0 | ||
| 090 | 0 | 0 | |a INDA 910.25954 |b GET |
| 245 | 0 | 0 | |a Chennai : |b GETIT yellow pages buying guide for offices & homes / 2009. |
| 260 | 0 | 0 | |a Chennai: |b GETIT, |c 2009. |
| 300 | # | # | |a 324 p. |
| 650 | 0 | 0 | |a Chennai, India -- |x Telephone directories -- |x Yellow pages |
| 650 | 0 | 0 | |a Business -- |x Directories -- |z Chennai, India |
| 651 | 0 | 0 | |a India |
| 999 | |a 0000027192 |b Directories |c Countries |e Business Information Centre | ||